Россия и инновации; Актуальные проблемы гуманитарных наук

গ্রন্থ-পঞ্জীর বিবরন
Parent link:Актуальные проблемы гуманитарных наук.— 2010.— С. 462-465
প্রধান লেখক: Морозов М. Н.
ভাষা:রুশ
প্রকাশিত: 2010
বিষয়গুলি:
বিন্যাস: গ্রন্থের অধ্যায়
KOHA link:https://koha.lib.tpu.ru/cgi-bin/koha/opac-detail.pl?biblionumber=193851

MARC

LEADER 00000naa2a2200000 4500
001 193851
005 20231031182041.0
035 |a (RuTPU)RU\TPU\book\211400 
090 |a 193851 
100 |a 20110330d2010 k y0rusy50 ca 
101 0 |a rus 
102 |a RU 
200 1 |a Россия и инновации  |f М. Н. Морозов 
320 |a Библиогр.: 4 назв. 
463 0 |0 (RuTPU)RU\TPU\book\205127  |y 978-5-98298-643-6  |t Актуальные проблемы гуманитарных наук  |o сборник трудов IX Международной научно-практической конференции студентов, аспирантов и молодых ученых, 22-23 апреля 2010 г., Томск  |f Национальный исследовательский Томский политехнический университет (ТПУ)  |v С. 462-465  |d 2010  |p 564 с. 
610 1 |a инновации 
610 1 |a Россия 
610 1 |a экономика 
610 1 |a кризисы 
610 1 |a традиции 
610 1 |a общество 
610 1 |a инновационная экономика 
610 1 |a российское общество 
610 1 |a управление 
610 1 |a государство 
610 1 |a чиновничество 
610 1 |a труды учёных ТПУ 
700 1 |a Морозов  |b М. Н. 
801 1 |a RU  |b 63413507  |c 20110330 
942 |c BK